LEADER 01509nam a2200325 i 4500 001 000000141314 003 CaOOAMICUS 005 20250911112517.0 008 050714s2005 it u000 u ita u 013 $a115729 020 $a88-464-6760-4 040 $aSeMil$bita 110 2 $aFondazione Culturale Ambrosianeum$c.$0(OLS)http://semarc/name/3900 245 10$aMilano 2005 :$brapporto sulla città /$cFondazione Ambrosianeum ; a cura di Eugenio Zucchetti ; presentazione di Marco Garzonio ; scritti di A. Airoldi ... [et al.]. 260 $aMilano :$bFranco Angeli,$ccopyr. 2005. 300 $a222 p. :$bill., grafici, tabelle ;$c23 cm. 490 0 $aIl punto ;$v56 500 $aContiene : Riferimenti bibliografici [sezioni]. 650 4$aMilano - Rapporti informativi.$0(OLS)http://semarc/subject/6022 700 1 $aZucchetti, Eugenio <1951-2009>.$0(OLS)http://semarc/name/20814 700 1 $aAiroldi, Angela.$0(OLS)http://semarc/name/56853 700 1 $aGarzonio, Marco,$d<1939- >.$0(OLS)http://semarc/name/15988 830 3$aIl punto ;$v56.$0(OLS)http://semarc/title/7071 850 $aSeMil 852 $aSeMil$W1$xVenegono$y1$m3O II 184$j94558$B94558$CSeMilBibl$Z2$F100330 $81 961 $aOmaggio: Bressan don Luca 996 $6020$a88-464-6760-4$9(OLS)http://semarc/number/129507 996 $6245$aMilano 2005 :$brapporto sulla città$9(OLS)http://semarc/title/206492 996 $6260$aMilano :$bFranco Angeli$9(OLS)http://semarc/publisher/30369 LEADER 01041nam a2200253 4500 001 000000339969 003 CaOOAMICUS 005 20200710160753.0 008 200325s1966 fr 000 u fre r 040 $aSeMil$bita 100 1 $aGuillet, Jacques,$c.$0(OLS)http://semarc/name/21527 245 13$aLa générosité de Dieu :$bgrâce, justice et vérité /$cJacques Guillet. 264 1$aParis :$bMontaigne,$c1966. 300 $a143 p. ;$c18 cm 541 0 $aFondo mons. Pasquale Macchi 650 4$aDio - Amore.$0(OLS)http://semarc/subject/7618 650 4$aDio - Meditazioni.$0(OLS)http://semarc/subject/8437 830 0$aFoi vivante ;$v20.$0(OLS)http://semarc/title/11652 850 $aSeMil 852 $aSeMil$W1$xVenegono$y1$m3F I 842$j220080$B231138$CSeMilBibl$Z2$F231138 $81 941 1 $a9 996 $6245$aLa générosité de Dieu :$bgrâce, justice et vérité$9(OLS)http://semarc/title/428896 996 $6264$aParis :$bMontaigne$9(OLS)http://semarc/publisher/35595